00357nam a2200145Ia 4500008004100000082001600041100001200057245004100069250000800110260003200118300001000150500002400160650001200184700001500196230524s9999 xx 000 0 und d a537.32bSZE aS.M.Sze 0a"Physics of Semiconductor Devices ," a3RD aNEW DELHIbJohn Wileyc2009 aX;793 aQuantity Number: 8 aPhysics a Kwok K.Ng